header

Dignity rights (Record no. 43419)

MARC details
000 -LEADER
fixed length control field 01352nam a2200337 a 4500
082 04 - DEWEY DECIMAL CLASSIFICATION NUMBER
Classification number 342.08/5
100 1# - MAIN ENTRY--AUTHOR NAME
Personal name Daly, Erin.
245 10 - TITLE STATEMENT
Title Dignity rights
250 ## - EDITION STATEMENT
Edition statement 1st ed.
260 ## - PUBLICATION, DISTRIBUTION, ETC. (IMPRINT)
Place of publication Philadelphia :
Name of publisher University of Pennsylvania Press,
Year of publication c2013.
300 ## - PHYSICAL DESCRIPTION
Number of Pages xii, 229 p.
650 #0 - SUBJECT ADDED ENTRY--TOPICAL TERM
Topical Term Respect for persons
Topical Term Dignity.
856 40 - ELECTRONIC LOCATION AND ACCESS
Uniform Resource Identifier http://site.ebrary.com/lib/rucke/Doc?id=10642162

No items available.

© 2026 Rongo University
Contact us: librarian | system librarian | Rongo university